[Event "Fortaleza Alves Memorial 16th"]
[Site "Fortaleza"]
[Date "2012.05.19"]
[Round "3"]
[White "De Brito Buarque, Hugo Leonardo"]
[Black "Ribeiro, Matheus Cavalcante"]
[Result "1/2-1/2"]
[WhiteElo "1930"]
[BlackElo "2135"]
[PlyCount "124"]
[EventDate "2012.05.18"]
[EventType "swiss"]
[EventRounds "5"]
[EventCountry "BRA"]
[SourceTitle "CBM 148 Extra"]
[Source "ChessBase"]
[SourceDate "2012.06.22"]
[SourceVersion "1"]
[SourceVersionDate "2012.06.22"]
[SourceQuality "1"]

1. d4 Nf6 2. Nf3 e6 3. g3 b5 4. a4 b4 5. Bg2 Bb7 6. a5 c5 7. c3 Be7 8. Bd2 Ne4 9. 0-0 0-0 10. dxc5 Nxd2 11. Qxd2 bxc3 12. Qxc3 Na6 13. b4 Bf6 14. Nd4 Bxg2 15. Kxg2 Rb8 16. Ra4 Qc8 17. e4 d6 18. c6 Bxd4 19. Qxd4 Qxc6 20. Nc3 e5 21. Qxa7 Nxb4 22. Qe3 Rfc8 23. Rc1 f5 24. Raa1 fxe4 25. Nxe4 Nc2 26. Qf3 Qa8 27. Ra2 Rf8 28. Nf6+ Rxf6 29. Qxa8 Rxa8 30. Rcxc2 d5 31. Rc5 Rd6 32. Rd2 Rad8 33. a6 Kf7 34. Rc7+ Kf6 35. a7 d4 36. Kf3 Ra6 37. Rb2 Ra3+ 38. Ke2 d3+ 39. Kd2 e4 40. Rcb7 Rd6 41. R2b6 Rxb6 42. Rxb6+ Ke5 43. Rb7 Ra2+ 44. Kd1 Kf6 45. Ke1 h5 46. h4 g6 47. Rd7 Ke6 48. Rb7 Kf5 49. Re7 Ra5 50. Kd1 Ra2 51. Ke1 Ra4 52. Kd1 Ra1+ 53. Kd2 Ra2+ 54. Kd1 Ra4 55. Ke1 Kg4 56. a8Q Rxa8 57. Rxe4+ Kf3 58. Re3+ Kg2 59. Rxd3 Ra1+ 60. Ke2 Ra2+ 61. Ke1 Rxf2 62. Rd6 g5 1/2-1/2

[Event "Fortaleza Alves Memorial 16th"]
[Site "Fortaleza"]
[Date "2012.05.19"]
[Round "2"]
[White "Nogueira, Jorge da Silva"]
[Black "De Brito Buarque, Hugo Leonardo"]
[Result "0-1"]
[WhiteElo "1568"]
[BlackElo "1930"]
[PlyCount "166"]
[EventDate "2012.05.18"]
[EventType "swiss"]
[EventRounds "5"]
[EventCountry "BRA"]
[SourceTitle "CBM 148 Extra"]
[Source "ChessBase"]
[SourceDate "2012.06.22"]
[SourceVersion "1"]
[SourceVersionDate "2012.06.22"]
[SourceQuality "1"]

1. d4 Nf6 2. Nf3 d5 3. e3 Bf5 4. Bd3 Be4 5. Qe2 e6 6. Nbd2 Bxd3 7. Qxd3 Nc6 8. a3 g6 9. 0-0 a6 10. Re1 Bg7 11. c3 0-0 12. e4 dxe4 13. Nxe4 Nxe4 14. Qxe4 Na5 15. Bf4 c5 16. dxc5 Nb3 17. Rad1 Qc8 18. Qb4 Nxc5 19. Bd6 Nd7 20. Bxf8 Bxf8 21. Qd4 Nc5 22. Qf4 b6 23. Ne5 Ra7 24. Qh4 Be7 25. Qh3 Na4 26. Re2 Bf6 27. Ng4 Be7 28. Red2 Bg5 29. Rc2 Qe8 30. Qf3 Kg7 31. Qd3 e5 32. Re2 Nc5 33. Qc2 e4 34. b4 Nd3 35. Qxd3 exd3 36. Rxe8 d2 37. Rc8 Re7 38. Kf1 Re6 39. g3 Rd6 40. f4 Be7 41. Ne5 g5 42. Rc6 Rd5 43. c4 Rd4 44. Nf3 Rd3 45. Ke2 Rxa3 46. Rxd2 Bxb4 47. Rb2 Bc5 48. Nxg5 h6 49. Ne4 Re3+ 50. Kd2 Rxe4 51. Kd3 Re3+ 52. Kd2 Re7 53. Ra2 Ra7 54. Kd3 a5 55. Rc8 a4 56. Ke4 a3 57. Kd5 Rd7+ 58. Kc6 Rd3 59. Kb5 Rb3+ 60. Ka6 Rc3 61. Rxc5 bxc5 62. Kb5 Kf8 63. Kxc5 Rb3 64. Kd4 Ke7 65. c5 Kd7 66. Kc4 Re3 67. Kb4 Kc6 68. Rc2 a2 69. Rxa2 Re4+ 70. Kc3 Kxc5 71. Kd3 Re6 72. Ra5+ Kb6 73. Rf5 Re7 74. Rf6+ Kc7 75. Rxh6 Kd7 76. Rh5 f6 77. g4 Re1 78. Rh7+ Kd6 79. h4 Ke6 80. f5+ Kd6 81. Rf7 Rh1 82. Rxf6+ Ke5 83. h5 Kxf6 0-1

[Event "Fortaleza Alves Memorial 16th"]
[Site "Fortaleza"]
[Date "2012.05.18"]
[Round "1"]
[White "De Brito Buarque, Hugo Leonardo"]
[Black "Correia, Aristoteles de Jesu"]
[Result "1/2-1/2"]
[WhiteElo "1930"]
[BlackElo "1786"]
[PlyCount "119"]
[EventDate "2012.05.18"]
[EventType "swiss"]
[EventRounds "5"]
[EventCountry "BRA"]
[SourceTitle "CBM 148 Extra"]
[Source "ChessBase"]
[SourceDate "2012.06.22"]
[SourceVersion "1"]
[SourceVersionDate "2012.06.22"]
[SourceQuality "1"]

1. d4 d5 2. c4 Nf6 3. cxd5 Nxd5 4. Nf3 e6 5. e4 Nf6 6. Nc3 b6 7. Bc4 Be7 8. Bf4 0-0 9. Qb3 Nbd7 10. 0-0 Bb7 11. Rfe1 Nh5 12. Be3 Nhf6 13. Bf4 Nh5 14. Bd2 c5 15. d5 e5 16. Rad1 a6 17. a4 Nhf6 18. Ng5 Bd6 19. Bc1 Ne8 20. Rd3 Be7 21. Nxf7 Rxf7 22. d6 Nxd6 23. Rxd6 Bxd6 24. Bxf7+ Kh8 25. Rd1 Qf6 26. Qe6 Rf8 27. Rxd6 Qxf7 28. Qxf7 Rxf7 29. f3 h6 30. b3 Kg8 31. Bb2 Kf8 32. Nd5 Bxd5 33. Rxd5 Re7 34. Ba3 Ke8 35. a5 Re6 36. Kf2 Rc6 37. axb6 Rxb6 38. Bxc5 Rxb3 39. Bd6 Rb5 40. Rxb5 axb5 41. Ke3 Kd8 42. Kd3 Kc8 43. Kc3 Kb7 44. Kb4 Kc6 45. Be7 g6 46. g3 Nb8 47. f4 Nd7 48. f5 gxf5 49. exf5 e4 50. g4 e3 51. Bh4 Ne5 52. f6 e2 53. Bg3 Kd7 54. h3 e1Q+ 55. Bxe1 Nd3+ 56. Kxb5 Nxe1 57. h4 Ke6 58. Kc5 Nf3 59. f7 Ne5 60. f8N+ 1/2-1/2